000 00515nab a2200145Ia 4500
003 ES-SlBCS
005 20210601150337.0
008 140529s1995 xxu||||| |||| 00| 0 spa d
041 _aspa
100 1 _aPérez Morales, Ovidio
_9115719
245 0 0 _aLos estudios filosóficos y teológicos en el marco general de los retos a la cultura hoy en Venezuela
_c Ovidio Pérez Morales
650 0 4 _aFormación Sacerdotal-Venezuela
_9321922
773 0 _tTeologia Iusi
_gnº. 15, 1995, págs. 123-134
_wRev1366
942 _cAR
999 _c739365
_d739365